| 000 | 01763nam a2200373 i 4500 | ||
|---|---|---|---|
| 001 | 14646742 | ||
| 003 | EG-ScBUE | ||
| 005 | 20230406100254.0 | ||
| 008 | 061127s2008 enka f b 001 0 eng d | ||
| 020 | _a0415317525 (pbk : alk. paper) | ||
| 020 | _a9780415317528 (pbk : alk. paper) | ||
| 035 | _a(OCoLC)ocm76864286 | ||
| 040 |
_aDLC _beng _erda _cDLC _dBTCTA _dBAKER _dYDXCP _dBWKUK _dBWK _dCDX _dDLC _dEG-ScBUE |
||
| 082 | 0 | 4 |
_a729 _222 _bSCO |
| 100 | 1 |
_aScott, Fred, _d1939- _eauthor. |
|
| 245 | 1 | 0 |
_aOn altering architecture / _cFred Scott. |
| 264 | 1 |
_aLondon ; _aNew York : _bRoutledge, _c2008. |
|
| 300 |
_axviii, 222 pages : _billustrations ; _c23 cm |
||
| 336 |
_2rdacontent _atext _btxt |
||
| 337 |
_2rdamedia _aunmediated _bn |
||
| 338 |
_2rdacarrier _avolume _bnc |
||
| 504 | _aIncludes bibliographical references and index. | ||
| 505 | 0 | _aUnchanging architecture and the case for alteration -- The literate and the vernacular -- Restoration, preservation and alteration -- Parody and other views -- Parallels to alteration -- Degrees of alteration -- Stripping back -- The process of intervention -- Prohibitions and difficulties -- Some resolutions -- The wider context -- Unfinished. | |
| 650 | 7 |
_aInterior architecture. _2BUEsh |
|
| 650 | 7 |
_aBuildings _xRepair and reconstruction. _2BUEsh |
|
| 650 | 7 |
_aArchitecture _xConservation and restoration. _2BUEsh |
|
| 650 | 7 |
_aArchitecture _xPhilosophy. _2BUEsh |
|
| 653 |
_bART _cApril2023 |
||
| 655 | _vReading book | ||
| 856 | 4 | 1 |
_3Table of contents only _uhttp://www.loc.gov/catdir/toc/ecip075/2006039499.html |
| 906 |
_a7 _bcbc _corignew _d1 _eecip _f20 _gy-gencatlg |
||
| 942 |
_2ddc _cBB |
||
| 999 |
_c30281 _d30252 |
||